000 00696cam a22002413a 4500
001 3375
003 PGUSA
005 20140828083031.0
008 041023s2004||||xxu|||||s|||||000 1 eng d
040 _aPGUSA
_beng
042 _adc
050 4 _aPS
100 1 _aHowells, William Dean,
_d1837-1920
245 1 4 _aThe Landlord at Lion's Head — Volume 1
_h[electronic resource] /
_cWilliam Dean Howells
260 _bProject Gutenberg,
_c2004
506 _aPublic domain in the USA.
516 _aElectronic text
653 _aArtists -- Fiction
653 _aMassachusetts -- Fiction
830 0 _aProject Gutenberg
_v3375
856 4 0 _uhttp://www.gutenberg.org/ebooks/3375
942 _cEB
999 _c232704
_d232704